Design and analysis of symmetric cryptographic algorithm based on 256-bit key or greater for computer communications (Record no. 180874)
[ view plain ]
| 000 -LEADER | |
|---|---|
| fixed length control field | 00691 a2200181 4500 |
| 003 - CONTROL NUMBER IDENTIFIER | |
| control field | Nust |
| 005 - DATE AND TIME OF LATEST TRANSACTION | |
| control field | 20170207153158.0 |
| 040 ## - CATALOGING SOURCE | |
| Transcribing agency | Nust |
| 082 ## - DEWEY DECIMAL CLASSIFICATION NUMBER | |
| Classification number | 005.8 |
| 100 ## - MAIN ENTRY--PERSONAL NAME | |
| Personal name | Muhammad,Talha (Cryptology-1) |
| 245 ## - TITLE STATEMENT | |
| Title | Design and analysis of symmetric cryptographic algorithm based on 256-bit key or greater for computer communications |
| Statement of responsibility, etc. | Talha Muhammad |
| 260 ## - PUBLICATION, DISTRIBUTION, ETC. | |
| Name of publisher, distributor, etc. | MCS |
| Date of publication, distribution, etc. | May,1999 |
| 300 ## - PHYSICAL DESCRIPTION | |
| Extent | 65 p. |
| 505 ## - FORMATTED CONTENTS NOTE | |
| Formatted contents note | Introduction (page-1), Existing encryption algorithms (page-11), DES GOST and IDEA implementations (page-26), Proposed symmetric cryptographic algorithm (page-40), Cryptoanalysis rules (page-57). |
| 538 ## - SYSTEM DETAILS NOTE | |
| System details note | T2 and Shelf No 2 |
| 650 ## - SUBJECT ADDED ENTRY--TOPICAL TERM | |
| Topical term or geographic name entry element | MSIS Thesis |
| 651 ## - SUBJECT ADDED ENTRY--GEOGRAPHIC NAME | |
| Geographic name | (Cryptology-1) |
| 942 ## - ADDED ENTRY ELEMENTS (KOHA) | |
| Koha item type | |
| Withdrawn status | Lost status | Source of classification or shelving scheme | Damaged status | Not for loan | Collection code | Permanent Location | Current Location | Date acquired | Total Checkouts | Full call number | Barcode | Date last seen | Price effective from | Koha item type |
|---|---|---|---|---|---|---|---|---|---|---|---|---|---|---|
| Military College of Signals (MCS) | Military College of Signals (MCS) | 12/12/2016 | 005.8 MUH | MCSTIS-131 | 12/08/2016 | 12/12/2016 | Book | |||||||
| Military College of Signals (MCS) | Military College of Signals (MCS) | 12/12/2016 | 005.8 MUH | MCSTIS-4 | 12/08/2016 | 12/12/2016 | Book |
